[Event "Match 79__120'/40"]
[Site "Zürich"]
[Date "2024.??.??"]
[Round "15"]
[White "Mephisto Explorer Pro"]
[Black "Mephisto Polgar sel. 5"]
[Result "1-0"]
[WhiteElo "2013"]
[BlackElo "1981"]
[Annotator "Utzinger,K"]
[PlyCount "68"]
[EventDate "2024.10.21"]
[EventType "match"]
[SourceVersionDate "2024.10.21"]

{[%evp 0,68,21,23,27,-9,34,29,29,29,15,33,37,27,17,6,10,12,35,0,0,0,9,7,42,34,-22,-17,-23,-23,-23,-9,-16,-62,-88,-83,23,-27,-37,-37,0,-35,-38,-59,-59,-74,-58,-41,-85,-85,-62,-60,-135,-165,-183,-157,-35,-99,-76,-161,145,196,358,344,344,344,371,371,865,865,1150]} 1. d4 d5 {Match 120'/40 | Bediener: Rolf Bühler | 15. Partie: Weiss Mephisto Explorer Pro) gewinnt | Zwischenstand: 8,0-7,0 (53,3%) für Mephisto Explorer Pro / hypothetisch: 7,5-7,5 (50%) Ausgleich | Eröffnung: Damengambit, Slawische Verteidigung, Tausch Variante cxd5 | Diese Partie gewinnt völlig unverdient der Mephisto Explorer Pro. Dabei war das Programm von Frans Morsch schon zweimal überspielt worden. Aber in noch immer klar besserer Stellung schaufelt sich der Mephisto Polgar mit 30...hxg5? selbst das Grab, indem sein König in einen tödlichen Angriff gerät.} 2. c4 c6 3. cxd5 cxd5 4. Nf3 Nf6 5. Nc3 Nc6 6. Bf4 Bf5 7. e3 {***ENDE BUCH***} e6 {***ENDE BUCH***} 8. Qa4 Nd7 9. Bb5 Rc8 10. Bxc6 Rxc6 {[#]} 11. Qxa7 $6 {Dass dieser Bauernraub nichts einbringt, ist schon lange bekannt. Im Gegenteil ist es Weiss, der achtgeben muss, um nicht in Nachteil zu geraten.} Qc8 $1 {Der Mephisto Polgar ist auf dem rechten Pfad. Es drohen Damengewinn durch 13...Ta6 und 12...Txc3 -+ mit wenigstens Figurengewinn.} 12. Qa5 {Erzwungen, weil alles andere verliert.} Ra6 {Gilt als am besten.} (12... Bd3 {ist eine beachtenswerte Alternative} 13. Kd2 b6 14. Qa7 (14. Qa4 b5 $11) 14... Bb4 15. Rhc1 $2 $19 (15. Qa4 $17) 15... Bb5 (15... Ba6 $1 $19) 16. Kd1 Bxc3 17. bxc3 Ba6 18. a4 O-O 19. a5 b5 20. Ne1 g5 21. Bg3 f5 22. Nd3 f4 23. exf4 Rc7 24. Qxc7 Qxc7 25. fxg5 Qc4 26. Nb4 e5 27. Nxa6 exd4 28. Nc7 dxc3 29. a6 Nc5 30. a7 Qf1+ {0-1 (30) Huzman,A (2581)-Shirov,A (2726) Izmir 2004}) 13. Qb5 {Hier wird normalerweise 13...Dc7 bevorzugt. Aber auch der Textzug scheint gerade noch spielbar.} (13. Qc7 {und nun kann Schwarz einfach die Damen tauschen und ausgleichen} Qxc7 {Auch 13...Da8 ist möglich, was aber die Aufgabe von Schwarz etwas schwerer macht.} 14. Bxc7 Bb4 (14... Rc6 $5 {ist ebenfalls gut genug für das Remis} 15. Bf4 Ba3 {½-½ (15) Fedorowicz,J (2520)-Dzindzichashvili,R (2540) New York 1994}) 15. Ke2 (15. Nh4 Be4 $15) 15... Bxc3 16. bxc3 Ke7 (16... O-O 17. Rhc1 $11) 17. Rhc1 Rc8 18. Bf4 Rca8 19. c4 Rxa2+ 20. Rxa2 Rxa2+ 21. Ke1 dxc4 (21... Nb6 22. c5 Nc4 23. Ne5 Na5 24. c6 Nxc6 25. Nxc6+ bxc6 26. Rxc6) 22. Rxc4 f6 23. Rc3 g5 24. Bc7 Be4 25. Nd2 Bxg2 26. e4 h5 27. f3 $11) 13... Rb6 14. Qe2 Ba3 {Entwicklung mit Angriff.} 15. Nb5 (15. Na4 {ist ebenfalls schon gespielt worden und eine Spur genauer.} Bxb2 16. O-O Bxa1 17. Nxb6 Nxb6 18. Qb5+ Nd7 19. Bd6 $11 {½-½ (59) Raceanu,V (2396)-Zawadzki,S (2426) Los Llanos de Ariadne 2004}) 15... Bb4+ {Wohin nun mit dem König?} {[#]} 16. Kd1 $2 $19 {[%mdl 32768] ***VERLUSTZUG*** Den König in der Brettmitte stehen zu lassen, ist eine tödliche Sache. Mit 17.Kf1 war die Stellung noch zu halten.} ({Rems M-091024-avx2:} 16. Kf1 {=/+ (-0.40 ++) (46% +0% =91% -9%) Depth: 49/82} Qc4 17. Qxc4 dxc4 18. a4 Ke7 19. h4 Ra8 20. g4 Bxg4 21. Kg2 Bf5 22. Rhc1 Bd3 23. Ne5 Nxe5 24. dxe5 f6 25. Rg1 Kf7 26. Kf3 Be7 27. e4 Rc6 28. Ke3 Bf8 29. Kf3 h6 30. exf6 gxf6 31. Be3 e5 32. Nc3 f5 33. exf5 Rf6 34. Rg3 Raa6 35. Kg2 Rxf5 36. f3 Be7 37. Rh1 h5 38. Nd5 Rxa4 39. Nxe7 Kxe7 40. Rg7+ Rf7 41. Rg5 Be2 42. Rh3 Ra2 43. Rxe5+ Kd6 {[%eval -44,49] [%wdl 3,901,96]}) 16... O-O 17. Nh4 {Alles andere ist noch ungünstiger.} Rxb5 $2 {Damit vergibt Schwarz den Gewinn, was für unsere Oldies mangels genügender Rechentiefe wohl nicht zu erkennen ist.} ({Rems 150824-avx2:} 17... Be4 {-+ (-2.78) (0%) (+0% =0% -100%) Depth: 40/73} 18. f3 Bc2+ 19. Qxc2 Rxb5 20. g4 Be7 21. g5 Qxc2+ 22. Kxc2 Rc8+ 23. Kd3 (23. Kb1 $4 Ba3 24. b3 Rb6 25. e4 Rbc6 $19 {und Weiss wird Matt gesetzt.} 26. Ng6) 23... Rxb2 24. Rhb1 Rbc2 25. Rb3 (25. Rxb7 $4 R8c3# {Matt}) 25... h6 26. Rg1 hxg5 27. Bxg5 Bxg5 28. Rxg5 Rxh2 29. Ng2 b6 $19 {schwarze Gewinnstellung}) 18. Nxf5 $2 $17 {Verfrüht, während der Zwischenzug 18.Tc1 die Stellung im Gleichgewicht hält.} (18. Rc1 $1 Qd8 19. Nxf5 (19. Qxb5 Qxh4 20. Qxb4 Qxf2 $11) 19... Qa5 $1 (19... exf5 $4 20. Qxb5 $18) 20. Bc7 Qa6 21. Nd6 Bxd6 22. Bxd6 Ra8 23. Re1 $11) 18... Rb6 {Verhindert das Eindringen der weissen Leichtfiguren auf d6.} 19. Ng3 f6 $2 {Vermasselt den Gewinn zum zweiten Mal.} (19... Rc6 20. Qd3 Nb6 21. a3 Be7 22. Ne2 Nc4 $19 {mit einer positionell gewonnenen Stellung für Schwarz.}) 20. a3 {Noch genauer war 20.Tc1 = (0.00) (50% +1% =98% -1%)} Qa8 $15 21. Rc1 e5 {Dieser verlockende Vorstoss minimiert den schwarzen Vorteil. Nebst 21...Le7 war 21...Lxa3!? ein interessanter Versuch, die Initiative zu ergreifen.} (21... Bxa3 22. bxa3 Qxa3 23. e4 e5 24. dxe5 Rb2 25. Rc2 Qa4 26. Bc1 $11 {und Weiss hat gerade noch genügend Verteidigungsressourcen.}) {[#]} 22. dxe5 $2 $19 {[%mdl 32768] ***VERLUSTZUG*** Weiss stürzt zum zweiten Mal in eine verlorene Stellung.} ({Nach} 22. axb4 $1 exf4 23. Nf5 Qa4+ 24. Qc2 Qxb4 25. Qd2 fxe3 26. Qxb4 Rxb4 27. Nxe3 Rxd4+ 28. Ke2 Rb4 29. Rhd1 Rxb2+ 30. Kf1 Ra8 31. Nxd5 Ne5 $11 {steht es trotz schwarzem Mehrbauer etwas gleich; von einem Remis im Kampf unter Oldies könnte aber noch keine Rede sein.}) 22... fxe5 23. Bg5 Bd6 24. Qd2 Rb5 $6 {Schutz des Bauern d5, aber nicht die stärkste Fortsetzung, die in 24...h6 bestand. Trotzdem gibt es auch so keine Rettung mehr für Weiss.} (24... h6 $1 {Der angegriffene Läufer hat keinen Rückzug.} 25. Qxd5+ Kh8 26. h4 Qa6 27. Qc4 Rxb2 28. Qxa6 bxa6 29. Rc2 Rxc2 30. Kxc2 Nc5 31. f3 hxg5 32. hxg5+ Kg8 $19 {und gewinnt}) 25. Ke1 h6 26. Bh4 Qa4 27. e4 Bc5 {Angriff auf f2} 28. f3 (28. Nf5 Qxe4+) 28... Bd4 {Doppelangriff auf b2} 29. Rc2 g5 $6 {Wesentlich stärker war es, mit 29...Sb6 (nach c4) oder 29...Sc5 den Springer in den Kampf zu werfen. Angesichts der vielen Drohungen ginge die Partie dann langsam den Bach runter.} ({Rems MPV 150824-avx2: 1)} 29... Nb6 {-+ (-5.63) (0% +0% =0% -100%)} 30. Nf5 Nc4 31. Qd1 Nxb2 32. Qd2 (32. Rxb2 Qxd1+ 33. Kxd1 Rxb2 $19) 32... dxe4 33. fxe4 Rb3 34. Rf1 Rxf5 $1 35. Rxf5 Re3+ 36. Qxe3 Qxc2 $19) ({Rems MPV 150824-avx2: 2)} 29... Nc5 {-+ (-4.98) (0% +0% =0% -100%)} 30. exd5 Rb3 31. Be7 Rd3 32. Rxc5 (32. Bxc5 Rxd2 33. Kxd2 Bxc5 34. Kc1 Qb3 $19) 32... Rxd2 33. Kxd2 Bxc5 34. Bxc5 Rc8 35. Ne4 Qc4 36. Rc1 Qxd5+ 37. Ke1 Qb3 38. Rd1 Qxb2 39. Rd2 Qc1+ 40. Rd1 Qc2 41. Rd2 Rxc5 42. Rxc2 Rxc2 $19) 30. Bxg5 {[#]} hxg5 $18 {[%mdl 2] ***VERLUSTZUG*** Nach diesem schlimmen Fehler aufgrund mangelnder Königssicherheit und ungenügender Rechentiefe wendet sich das Blatt vollständig zugunsten von Weiss. Mit 30...Tb6 oder 30...Kh7 hätte sich Schwarz noch immer klaren Vorteil gesichert.} 31. Qxg5+ Kf7 {Oder 31...Kh7 32.Sf5 und Schwarz wird bald Matt gesetzt.} 32. Nf5 dxe4 33. g4 {Die Engines bevorzugen den Gewinnweg mit 33.De7+ usw.} Re8 {Nun erhält Weiss gar Mattangriff. Aber da auch alle Alternativen verlieren, spielt es keine Rolle.} 34. Qh5+ Kf8 {***AUFGEGEBEN***} (34... Kf8 35. Qg6 Bc3+ 36. Rxc3 Qd1+ 37. Kxd1 Rd5+ 38. Kc1 Rd1+ 39. Rxd1 Re6 40. Rc8+ Re8 41. Rxe8#) 1-0

[Event "Match 79__120'/40"]
[Site "Zürich"]
[Date "2024.??.??"]
[Round "16"]
[White "Mephisto Polgar sel. 5"]
[Black "Mephisto Explorer Pro"]
[Result "1-0"]
[WhiteElo "1981"]
[BlackElo "2013"]
[Annotator "Utzinger,K"]
[PlyCount "148"]
[EventDate "2024.10.21"]
[EventType "match"]
[SourceVersionDate "2024.10.21"]

{[%evp 0,33,19,36,72,69,59,21,26,16,33,35,50,24,69,38,41,41,41,28,32,36,44,42,42,29,41,27,33,47,43,44,60,77,67,45]} 1. e4 c5 {Match 120'/40 | Bediener: Rolf Bühler | 16. Partie: Weiss (Mephisto Polgar) gewinnt | Zwischenstand: 8,0-8,0 (50%) Ausgleich / hypothetisch: 8,5-7,5 (53.1%) für Mephisto Polgar. | Eröffnung: Sizilianische Verteidigung, Richter Rauser Angriff | Nachdem in der 15. Partie der Mephisto Explorer Pro völlig unverdient den vollen Punkt holte, rächt sich nun der Mephisto Polgar. Allerdings kann das holländische Programm von Ed Schröder erst seine 6. Gewinnstellung in dieser Partie zum Sieg führen. Dabei wäre es beinahe noch zu einem Drama gekommen, weil der Mephisto Polgar nach seiner ungenutzten 5. Gewinnchance sogar selbst in eine verlorene Stellung schlitterte. Die vielen Fehler passierten vor allem in einem für unsere Oldies immer wieder viel zu schwierigen Endspiel mit Schwerfiguren.} 2. Nf3 Nc6 3. d4 cxd4 4. Nxd4 Nf6 5. Nc3 d6 6. Bg5 {Die Einleitung zum so genannten Richter Rauser Angriff.} e6 {Nun gibt es eine Palette von möglichen Fortsetzungen, wobei sich aber nur wenige davon in der Praxis haben halten können.} 7. Qd2 {Die wichtigste Hauptvariante. Sie stammt vom russischen Schachspieler Wsewolod Alfredowitsch Rauzer, * 1908, † 1941, der gemäss Max Euwe der grosse Vorkämpfer dieses Anti Drachen Aufbaus war.} (7. Nxc6 bxc6 8. e5 {Die Richter Variante, die ursprüngliche Idee des deutschen Schachmeisters Kurt Richter, * 24.11.1900, † 29.12.1969, ein Vorstoss, der sich als etwas zu scharf herausgestellt hat.} dxe5 9. Qf3 {Die Pointe von e5} Be7 $1 $15 {Schwarz gibt den Bauern zurück und erhält gutes Figurenspiel.}) (7. Bb5 {Die Margate Variante, die von Ex-Weltmeister Alexander Alekhine stammt. Sie hat nach Max Euwe wenig Kraft.} Bd7 $11) (7. Be2 {die ruhige Smyslov Variante (Euwe,M), die anstelle der unternehmenden langen Rochade auf die kurze ausgerichtet ist.} Be7 $11 8. O-O O-O $11 {0-1 (41) Smyslov,V-Botvinnik,M The Hague/Moscow 1948}) (7. Qd3 {Die Keres Variante (Max Euwe): Mit dieser Variante hat Paul Keres einige Male experimentiert. Ihr Ziel ist es, die Dame zum Angriff nach g3 hinüberzuführen. Sie ist jedoch für Schwarz nicht sehr gefährlich.} Bd7 8. O-O-O a6 $11 {½-½ (33) Ding,L (2736)-Henriquez Villagra,C (2604) Budapest 2024}) (7. Ndb5 {Die Podebrad Variante (Max Euwe): Eine solide Fortsetzung, die von Alekhine versucht wurde. Sie bringt nichts ein.} a6 8. Bxf6 gxf6 9. Nd4 $11) 7... Be7 {Eine übliche Fortsetzung, um die Entwicklung rasch durchzuführen. Andere gebräuchliche Züge sind:} (7... a6 {Eine solide Fortsetzung. Schwarz entkräftet in erster Linie die Eventualdrohung Sd4-b5 (Euwe,M).} 8. O-O-O $14) (7... Qb6 {Ein Zug, den GM Richard Rapport gerne wählt.} 8. Nb3 a6 9. O-O-O Be7 $14 {½-½ (76) Firouzja,A (2777)-Durarbayli,V (2625) Chess.com INT 2023}) 8. O-O-O O-O {***ENDE BUCH***} 9. f4 {***ENDE BUCH***} d5 {Beliebter sind 9...Sxd4 oder 9...h6.} 10. e5 Ne8 $6 {Üblicher bei dieser Französischen Bauernstruktur wäre 10...Sd7, wo der die wichtigen Felder e5, c5, b6 und f6 unter Kontrolle hat.} 11. Bxe7 Qxe7 12. g4 {Weiss setzt sofort auf Königsangriff.} f6 {Die beste Antwort.} 13. exf6 Nxf6 {Die Engines schätzen 13...Dxf6 als eine Spur genauer ein.} 14. Be2 Nxd4 $6 {Entwicklung mit 14...Ld7 verdient den Vorzug. Der Springertausch stärkt nur die weisse Zentrumsstellung.} 15. Qxd4 Qf7 {Erneut war Entwicklung mit 15...Ld7 zu bevorzugen.} 16. Rhf1 {+- (2.43) (100% +100% =0% -0%) Depth: 41/71 Weiss steht deutlich besser und hat nach den Bewertungen der Engines eigentlich schon eine gewonnene Stellung. Von solchen Einschätzungen vermögen unsere Oldies nur zu träumen.} {[#]} g6 $2 $18 {[%mdl 2] ***VERLUSTZUG Nr. 1*** Schwächt die Königsstellung noch mehr. Und vor allem wird Weiss eingeladen, mit 17.h4 einen Angriff gegen die schwarze Königsstellung zu starten. Danach liegen stets die schwerwiegenden Drohungen f4-f5 oder h4-h5 in der Luft.} 17. g5 $2 {Völlig verfehlt, die Bauernstruktur zu schliessen, obwohl Weiss selbst dann noch besser steht, was die Stärke der weissen Stellung bestätigt. Hier hätte 17.h4 unmissverständlich den Sieg geholt.} ({Rems 150824-avx2:} 17. h4 {+- (3.39) (100%) ST 42} Bd7 18. f5 gxf5 19. gxf5 Kh8 20. fxe6 Qxe6 21. Rf4 Qb6 22. Qd3 d4 23. Rxd4 Bc6 24. Nb5 Qxb5 25. Qxb5 Bxb5 26. Bxb5 a6 27. Bd3 Rad8 28. Rb4 Rf7 29. b3 a5 30. Rf4 Rd6 31. Rf5 b6 32. Rg1 Rd5 33. Rf4 Rd6 34. Bc4 Rf8 35. Rf5 Re8 36. h5 Rc8 37. Kb2 Re8 38. Rfg5 Rd2 39. Rg7 Rc8 40. Rf7 Nxh5 41. Rh1 {[%eval 339,42] [%wdl 1000,0,0]}) 17... Ne8 18. h4 Ng7 {Schwarz hat einen idealen Platz für seinen Springer gefunden.} 19. Bg4 b6 20. Nb5 $2 $11 {Lässt die folgende Fesslung zu und vergibt so noch den letzten Vorteil.} (20. Rde1 $1 $16) 20... Ba6 21. Qa4 Bxb5 {Natürlich muss dieses starke Ross verschwinden.} 22. Qxb5 Rac8 $11 {Nun beginnt der Kampf mit ausgeglichenen Chancen wieder von neuem.} 23. Rd4 Rc5 24. Qe2 Rc6 (24... Rfc8 {sieht logischer aus} 25. c3 Nf5 $11) 25. Rf2 Rfc8 26. Qd3 Rc4 27. Rxc4 Rxc4 28. Qf3 Re4 $11 {Es ist schwer vorstellbar, wie man mit Weiss oder Schwarz diese Stellung noch verlieren könnte. Und trotzdem passiert es, wenn man das Endresultat von 1-0 anschaut.} 29. Rf1 Rc4 30. b3 Rc6 (30... Re4 {ist einfacher und besser, weil der Druck gegen den Bauern f4 aufrechterhalten bleibt.}) 31. Qe2 Nf5 32. Qe5 {Die sofortige Beseitigung des lästigen und stark stehenden Springers hätte die Verteidigung für Weiss erleichtert, also 32.Lxf5 Dxf5 33.Kb2 h5 34.a4 =. Aber vielleicht hat der Mephisto Polgar einen kleinen Bonus zugunsten des Läufers, was ihn am Tausch auf f5 hindert.} {[#]} Nxh4 $2 $18 {[%mdl 2] ***VERLUSTZUG Nr. 2*** des Mephisto Explorer Pro. Diesen Bauernschnapp kann sich Schwarz nicht leisten. Aber dies zu sehen, übersteigt das Können unserer Oldies bei weitem.} 33. Qb8+ $2 {Den Umständen entsprechend ist es auch verständlich, dass Weiss den möglichen Sieg mit 33.Th1 nicht finden kann.} (33. Rh1 Nf5 34. Bxf5 Qxf5 35. Qb8+ Qf8 36. Qxf8+ Kxf8 37. Rxh7 a6 38. a4 Rc5 39. Ra7 a5 40. Rb7 Rc6 41. Kd2 Rd6 42. Kd3 Rc6 43. c3 Rd6 44. Kd4 Rc6 45. Ke5 Rxc3 46. Kf6 Kg8 47. Kxg6 $18) {[#]} 33... Kg7 $2 $18 {[%mdl 2] ***VERLUSTZUG Nr. 3*** Und ebenso verständlich, dass Schwarz bei diesem Königszug nichts Böses ahnt.} 34. Rh1 $1 {Der richtige Zug, aber wohl aus dem falschen Grund gespielt, wie die weitere Fortsetzung zeigt.} Nf5 35. Qe5+ Kg8 36. Bxf5 exf5 {auch 36...Dxf5 verliert} 37. Qb8+ Kg7 38. Re1 Rc7 39. Re8 Re7 40. Rh8 Re2 41. Qd8 Re6 42. c3 {Sowohl 42.c4 als auch 42.a4 gewinnen noch überzeugender. Aber Endspiele mit je Dame und Turm auf beiden Seiten können unsere Oldies mangels Rechenkraft nur sehr oberflächlich behandeln. Und im Lichte der übermächtigen Engines müsste fast jeder Zug irgendwie getadelt werden. Deshalb macht es Sinn, nur jene Fortsetzungen speziell zu erwähnen, die den Stellungscharakter total ändern.} ({Rems 150824-avx2:} 42. c4 {+- (199.59) (100% +100% =0% -0%) Depth 57/103} Rd6 43. Qxd6 Kxh8 44. Qe5+ Kg8 45. Qxd5 $18) 42... b5 43. Kc2 a5 44. Qb8 b4 {+- (8.02)} 45. cxb4 $2 {= (0.09) Vergibt den Gewinn, wobei es für die meisten Schachspieler unergründlich ist, weshalb 45.Kd2 oder 45.Kd3 um 7 - 10 Bauerneinheiten besser sein sollen.} axb4 46. Qd8 Ra6 47. Kd1 Rc6 48. Qb8 Re6 49. Rc8 {[#]} Re4 $2 $18 {[%mdl 2] ***VERLUSTZUG Nr. 4***} (49... h5 $1 {= (0.0.3)}) 50. Rc7 $2 {= (0.00)} (50. Qd6 $1 {+- (199.26)}) 50... Re7 $1 $11 51. Rc6 {[#]} Re4 $2 $18 {[%mdl 2] ***VERLUSTZUG Nr. 5***} 52. Rc8 h5 {Das kommt jetzt zu spät.} 53. Rh8 $2 {= (0.00)} (53. Qd6 $18) 53... Re3 54. Rh6 {droht Dh8#} Re8 {[#]} 55. Qxb4 $2 {[%mdl 32768] ***VERLUSTZUG*** Unglaublich, dass nun gar Weiss in eine verlorene Stellung stolpert, was er seinen momentan ungünstig stehenden Figuren zu "verdanken" hat. Zu beachten ist dabei vor allem, dass Weiss die Damen nicht tauschen darf. Wegen des auf h6 eingesperrten Turms würde Schwarz danach mit einem Turm mehr frei agieren können. Bequemer Ausgleich war mit 55.Db6 zu erzielen.} {[#]} Qa7 $2 $18 {[%mdl 2] ***VERLUSTZUG Nr. 6*** statt Gewinn mit 55...Te4!, s. Variante} (55... Re4 $1 56. Qb8 Qe8 $1 57. Qb7+ Qe7 58. Qxd5 Re1+ 59. Kc2 Qe2+ 60. Kc3 Qe3+ 61. Kb4 Qxf4+ 62. Ka3 Qe5 63. Qc4 Re4 64. Qd3 Qc5+ 65. Kb2 Qd4+ 66. Qxd4+ Rxd4 $19) 56. Qc3+ d4 57. Qc6 Qf7 58. Qd6 d3 59. Qd4+ {Auch 59.Dxd3 gewinnt.} Kf8 60. Rh8+ Ke7 61. Rh7 $1 {Ein simples "Scheinopfer", aber der entscheidende Schlag.} Qxh7 62. Qa7+ Kd8 63. Qxh7 {Mit Dame gegen Turm gewinnt Weiss nun leicht.} Re6 64. Kd2 Rd6 65. a4 Kc8 66. Qe7 Rb6 67. a5 Rc6 68. b4 h4 69. b5 Rc2+ 70. Kxd3 Rc7 71. Qe8+ Kb7 72. Qxg6 Kb8 73. Qxf5 Kb7 74. b6 Re7 {***AUFGEGEBEN***} 1-0